22 IMMUTABLE LAWS OF MARKETING (Record no. 13013)

MARC details
000 -LEADER
fixed length control field 00331nam a2200133Ia 4500
008 - FIXED-LENGTH DATA ELEMENTS--GENERAL INFORMATION
fixed length control field 240624s9999 xx 000 0 und d
041 ## - LANGUAGE CODE
Language code of text/sound track or separate title eng
082 ## - DEWEY DECIMAL CLASSIFICATION NUMBER
Classification number 658.8 RIE
100 ## - MAIN ENTRY--PERSONAL NAME
Personal name RIES AL
245 ## - TITLE STATEMENT
Title 22 IMMUTABLE LAWS OF MARKETING
260 ## - PUBLICATION, DISTRIBUTION, ETC.
Date of publication, distribution, etc. 2006
Place of publication, distribution, etc. London
Name of publisher, distributor, etc. Profile Books
300 ## - PHYSICAL DESCRIPTION
Extent xii, : 143 : p. : cm. ; 19
365 ## - TRADE PRICE
Currency code RS
Holdings
Withdrawn status Lost status Damaged status Not for loan Home library Current library Shelving location Date acquired Cost, normal purchase price Total Checkouts Total Renewals Full call number Barcode Date due Date last seen Date last checked out Copy number Price effective from Koha item type
        IMTN IMTN Rack 35-A 05/06/2009 195.00 7 1 658.8 RIE 13013 01/20/2026 01/10/2026 01/10/2026 1 06/24/2024 Books
Designed & Maintained by: LRC IMT Nagpur Contact: lrc@imtnag.ac.in© 2024. All Rights Reserved.